000 00721nam a22002537a 4500
001 BR7326321
003 BR-BrBNA
005 20230928084355.0
007 ta
008 230509b bl.||||| |||| 00| 0 por d
040 _aBR-BrBNA
_bpor
_cBiblioteca Nacional de Agricultura
041 _a(Por)
072 _aH10; H20
090 _ H10 BR7326321
100 1 _aDeslandes, I.A.
110 1 _aSecretaria da Agricultura do Estado de Minas Gerais, Belo Horizonte (Brasil)
_98221
245 1 _aNocoes de defesa sanitaria vegetal
260 3 _aBelo Horizonte, MG (Brasil):
_c1941.
300 _a31 p.
650 _aPRAGA DE PLANTA
650 _aDOENCA DE PLANTA
909 _a202309
_bLucia
_c55
_dLucia Elande
942 _cBK
999 _c18513
_d18513